Statistiken für Ministerpräsidenten Schleswig-Holstein seit 1946

Klicken Sie hier um das Quiz zu spielen!

Allgemein

  • Dieses Quiz wurde 15 mal gespielt
  • Das Durchschnittsergebnis liegt bei 7 aus 15

Antwortstatistiken

Antwort% Korrekt
Uwe Barschel
93%
Björn Engholm
87%
Daniel Günther
87%
Heide Simonis
87%
Gerhard Stoltenberg
73%
Peter Harry Carstensen
67%
Torsten Albig
47%
Friedrich Wilhelm Lübke
20%
Henning Schwarz
20%
Kai-Uwe von Hassel
20%
Bruno Diekmann
13%
Helmut Lemke
13%
Herman Lüdemann
13%
Theodor Steltzer
13%
Walter Bartram
13%

Verteilung der Resultate

Perzentil nach korrekt beantworteten Fragen

Anzahl Personen mit jedem Resultat

Ihre Resultats-Entwicklung

Sie haben dieses Quiz noch nicht gespielt